|
|
|
|
| LEADER |
00000nam0a2200000 4500 |
| 001 |
274817 |
| 005 |
20231101234750.0 |
| 035 |
|
|
|a (RuTPU)RU\TPU\book\298046
|
| 090 |
|
|
|a 274817
|
| 100 |
|
|
|a 20141110d1968 k y0rusy50 ca
|
| 101 |
0 |
|
|a rus
|
| 102 |
|
|
|a RU
|
| 105 |
|
|
|a a z 001zy
|
| 200 |
1 |
|
|a Гидрогеотермия (гидрогеотермический режим верхних частей земной коры и гидрогеотермические методы исследований)
|f Н. М. Фролов
|
| 210 |
|
|
|a Москва
|c Недра
|d 1968
|
| 215 |
|
|
|a 316 с.
|c ил.
|
| 320 |
|
|
|a Библиогр.: с. 307-314.
|
| 606 |
1 |
|
|a Гидрогеотермия
|2 stltpush
|3 (RuTPU)RU\TPU\subj\6644
|9 34474
|
| 610 |
1 |
|
|a земная кора
|
| 610 |
1 |
|
|a геотермический режим
|
| 610 |
1 |
|
|a кондуктивный теплообмен
|
| 610 |
1 |
|
|a подземные воды
|
| 610 |
1 |
|
|a аппаратура
|
| 610 |
1 |
|
|a термометрические исследования
|
| 610 |
1 |
|
|a гидрометрические исследования
|
| 610 |
1 |
|
|a термальные воды
|
| 610 |
1 |
|
|a поиски
|
| 610 |
1 |
|
|a разведка
|
| 675 |
|
|
|a 550.46
|v 3
|
| 700 |
|
1 |
|a Фролов
|b Н. М.
|g Николай Михайлович
|
| 801 |
|
1 |
|a RU
|b 63413507
|c 20141110
|
| 801 |
|
2 |
|a RU
|b 63413507
|c 20190726
|g RCR
|
| 942 |
|
|
|c BK
|